Biblia Sacra Vulgatae Editionis (Registro nro. 18520)
[ vista simple ]
| 000 -CABECERA | |
|---|---|
| Campo de control de longitud fija | 00571nam a22001817a 4500 |
| 001 - NÚMERO DE CONTROL | |
| Campo de control | BH33594 |
| 005 - FECHA Y HORA DE LA ÚLTIMA TRANSACCIÓN | |
| Campo de control | 20260701103148.0 |
| 008 - CÓDIGOS DE INFORMACIÓN DE LONGITUD FIJA | |
| Campo de control de longitud fija | 260701b 1631 fr ||||| |||| 00| 0 lat d |
| 040 ## - FUENTE DE LA CATALOGACIÓN | |
| Centro catalogador del origen | ES-SIBCS |
| Lengua de catalogación | spa |
| 041 ## - CÓDIGO DE LENGUA | |
| Código de lengua del texto/banda sonora o título independiente | lat |
| 130 ## - PUNTO DE ACCESO PRINCIPAL-TÍTULO UNIFORME | |
| Nombre de parte o sección de la obra | Biblia Vulgata Latina |
| 9 (RLIN) | 26571 |
| 245 ## - MENCIÓN DE TÍTULO | |
| Título | Biblia Sacra Vulgatae Editionis |
| Resto del título | Sixti V. Pont. Max. iussu rcognita et Clementis VIII. auctoritate edita |
| 260 ## - PUBLICACIÓN, DISTRIBUCIÓN, ETC... (PIE DE IMPRENTA) | |
| Lugar de publicación, distribución, etc. | Lugduni: |
| Nombre del editor, distribuidor, etc. | Sumptibus Viduae Claudii Rigaud |
| Fecha de publicación, distribución, etc. | 1631 |
| 300 ## - DESCRIPCIÓN FÍSICA | |
| Extensión | 808, [43], [52] p.; |
| Dimensiones | 14 cm |
| 561 ## - NOTA DE PROCEDENCIA | |
| Procedencia | Sto. Tomás (Sevilla) |
| 752 ## - PUNTO DE ACCESO ADICIONAL-NOMBRE JERÁRQUICO DE LUGAR | |
| País o entidad superior | Francia |
| Ciudad | Lyon |
| 942 ## - ENTRADA DE ELEMENTOS AGREGADOS (KOHA) | |
| Fuente de clasificaión o esquema | |
| Koha [por defecto] tipo de item | Libro Antiguo |
| Suprimido | Perdido | Fuente de clasificación o esquema | Estropeado | No para préstamo | Localización permanente | Localización actual | Fecha adquisición | Préstamos totales | Signatura completa | Número de Registro / Código de Barras | Fecha última consulta | Fecha del precio de reemplazo | Tipo de item de Koha |
|---|---|---|---|---|---|---|---|---|---|---|---|---|---|
| Biblioteca Histórica | Biblioteca Histórica | 01/07/2026 | B17-65 | BH33594 | 01/07/2026 | 01/07/2026 | Libro Antiguo |
